Liverpool Biggest Transfers - Statistics

General Stats
  • This quiz has been taken 289 times
    119 since last reset
  • The average score is 138 of 300
Answer Stats
% Correct
Signings Uruguay ST 23 Darwin Núñez 22/23 Benfica €85.00m
99%
Signings Brazil GK 25 Alisson Becker 18/19 Roma €62.50m
97%
Signings Uruguay ST 24 Luis Suárez 10/11 Ajax €26.50m
97%
Sales Uruguay ST 27 Luis Suárez 14/15 Barcelona €81.72m
97%
Signings Egypt RW 25 Mohamed Salah 17/18 Roma €42.00m
97%
Signings Brazil ST 23 Roberto Firmino 15/16 Hoffenheim €41.00m
97%
Signings Netherlands CB 26 Virgil van Dijk 17/18 Southampton €84.65m
97%
Signings Portugal ST 23 Diogo Jota 20/21 Wolverhampton Wanderers €44.70m
96%
Signings Colombia LW 25 Luis Díaz 21/22 Porto €54.00m
96%
Signings Senegal LW 24 Sadio Mané 16/17 Southampton €41.20m
96%
Sales Senegal LW 30 Sadio Mané 22/23 Bayern Munich €32.00m
96%
Signings Brazil DM 24 Fabinho 18/19 Monaco €45.00m
95%
Sales Brazil DM 29 Fabinho 23/24 Al-Ittihad €46.70m
95%
Signings Spain ST 23 Fernando Torres 07/08 Atlético Madrid €38.00m
95%
Sales Spain ST 26 Fernando Torres 10/11 Chelsea €58.50m
95%
Signings France CB 22 Ibrahima Konaté 21/22 RB Leipzig €40.00m
95%
Signings Guinea CM 23 Naby Keïta 18/19 RB Leipzig €60.00m
95%
Signings Argentina CM 24 Alexis Mac Allister 23/24 Brighton & Hove Albion €42.00m
93%
Signings Hungary AM 22 Dominik Szoboszlai 23/24 RB Leipzig €70.00m
93%
Signings Netherlands RB 24 Jeremie Frimpong 25/26 Bayer Leverkusen €40.00m
93%
Signings Netherlands LW 23 Cody Gakpo 22/23 PSV €42.00m
92%
Signings Brazil AM 20 Philippe Coutinho 12/13 Inter Milan €13.00m
92%
Sales Brazil AM 25 Philippe Coutinho 17/18 Barcelona €135.00m
92%
Signings Netherlands DM 21 Ryan Gravenberch 23/24 Bayern Munich €40.00m
92%
Signings Scotland LB 23 Andrew Robertson 17/18 Hull City €9.00m
89%
Signings Netherlands CM 25 Georginio Wijnaldum 16/17 Newcastle United €27.50m
89%
Signings England CM 24 Alex Oxlade-Chamberlain 17/18 Arsenal €38.00m
88%
Signings Belgium ST 24 Christian Benteke 15/16 Aston Villa €46.50m
88%
Sales Belgium ST 25 Christian Benteke 16/17 Crystal Palace €31.20m
88%
Signings Spain CM 29 Thiago Alcântara 20/21 Bayern Munich €22.00m
88%
Signings Japan DM 30 Wataru Endō 23/24 Stuttgart €20.00m
88%
Signings Croatia CB 25 Dejan Lovren 14/15 Southampton €25.30m
86%
Sales Croatia CB 31 Dejan Lovren 20/21 Zenit €12.00m
86%
Signings Italy RW 26 Federico Chiesa 24/25 Juventus €12.00m
86%
Signings Switzerland AM 26 Xherdan Shaqiri 18/19 Stoke City €14.70m
86%
Sales Switzerland AM 29 Xherdan Shaqiri 21/22 Lyon €6.00m
86%
Signings Belgium ST 19 Divock Origi 14/15 Lille €12.63m
85%
Sales Belgium ST 22 Divock Origi 17/18 Wolfsburg €6.50m
85%
Signings England DM 21 Jordan Henderson 11/12 Sunderland €18.00m
85%
Sales England DM 33 Jordan Henderson 23/24 Al-Ettifaq €14.00m
85%
Signings England AM 26 Adam Lallana 14/15 Southampton €31.00m
84%
Signings Greece LB 24 Kostas Tsimikas 20/21 Olympiacos €13.00m
84%
Signings Belgium GK 25 Simon Mignolet 13/14 Sunderland €10.60m
84%
Sales Belgium GK 31 Simon Mignolet 19/20 Club Brugge €7.00m
84%
Signings Spain DM 22 Xabi Alonso 04/05 Real Sociedad €16.00m
84%
Sales Spain DM 27 Xabi Alonso 09/10 Real Madrid €34.50m
84%
Signings England RB 24 Nathaniel Clyne 15/16 Southampton €17.70m
82%
Signings Japan AM 24 Takumi Minamino 19/20 RB Salzburg €8.50m
82%
Sales Japan AM 27 Takumi Minamino 22/23 Monaco €15.00m
82%
Signings England ST 22 Andy Carroll 10/11 Newcastle United €41.00m
81%
Sales England ST 24 Andy Carroll 13/14 West Ham United €17.50m
81%
Sales England ST 23 Andy Carroll 12/13 West Ham United €1.25m
81%
Sales England ST 24 Michael Owen 04/05 Real Madrid €12.00m
81%
Sales England RW 20 Raheem Sterling 15/16 Manchester City €63.70m
81%
Signings Ireland ST 28 Robbie Keane 08/09 Tottenham Hotspur €24.00m
81%
Sales Ireland ST 28 Robbie Keane 08/09 Tottenham Hotspur €16.70m
81%
Signings Argentina DM 24 Javier Mascherano 08/09 West Ham United €22.50m
78%
Signings Argentina DM 22 Javier Mascherano 06/07 West Ham United €2.00m
78%
Sales Argentina DM 26 Javier Mascherano 10/11 Barcelona €20.00m
78%
Signings Slovakia CB 23 Martin Škrtel 07/08 Zenit €10.00m
78%
Sales Slovakia CB 31 Martin Škrtel 16/17 Fenerbahçe €6.00m
78%
Signings England ST 23 Daniel Sturridge 12/13 Chelsea €15.00m
77%
Sales England ST 28 Daniel Sturridge 17/18 West Bromwich Albion €2.30m
77%
Signings Germany DM 20 Emre Can 14/15 Bayer Leverkusen €12.00m
77%
Signings Georgia GK 23 Giorgi Mamardashvili 24/25 Valencia €30.00m
77%
Signings Wales CM 22 Joe Allen 12/13 Swansea City €19.00m
77%
Sales Wales CM 26 Joe Allen 16/17 Stoke City €15.50m
77%
Signings France CB 23 Mamadou Sakho 13/14 Paris Saint-Germain €19.00m
77%
Sales France CB 27 Mamadou Sakho 17/18 Crystal Palace €28.20m
77%
Sales France CB 26 Mamadou Sakho 16/17 Crystal Palace €2.30m
77%
Signings Spain LB 22 Alberto Moreno 14/15 Sevilla €18.00m
76%
Signings Italy ST 24 Mario Balotelli 14/15 Milan €20.00m
76%
Signings Spain GK 22 Pepe Reina 05/06 Villarreal €9.80m
74%
Sales Spain GK 31 Pepe Reina 14/15 Bayern Munich €3.00m
74%
Signings Germany GK 23 Loris Karius 16/17 Mainz €6.20m
73%
Sales Germany GK 25 Loris Karius 18/19 Beşiktaş €2.50m
73%
Signings Netherlands RW 26 Dirk Kuyt 06/07 Feyenoord €18.00m
72%
Signings England RB 24 Glen Johnson 09/10 Portsmouth €20.50m
72%
Signings Brazil DM 20 Lucas Leiva 07/08 Grêmio €10.00m
72%
Sales Brazil DM 30 Lucas Leiva 17/18 Lazio €5.70m
72%
Signings Portugal AM 19 Fábio Carvalho 22/23 Fulham €9.40m
70%
Sales Portugal AM 21 Fábio Carvalho 24/25 Brentford €23.40m
70%
Signings Australia LW 24 Harry Kewell 03/04 Leeds United €10.00m
70%
Signings Spain ST 25 Iago Aspas 13/14 Celta Vigo €10.80m
69%
Sales Spain ST 27 Iago Aspas 15/16 Sevilla €6.00m
69%
Signings Norway LB 20 John Arne Riise 01/02 Monaco €6.36m
69%
Sales Norway LB 27 John Arne Riise 08/09 Roma €5.50m
69%
Sales England RB 26 Trent Alexander-Arnold 25/26 Real Madrid €10.00m
69%
Signings Israel RW 27 Yossi Benayoun 07/08 West Ham United €7.30m
69%
Sales Israel RW 30 Yossi Benayoun 10/11 Chelsea €7.00m
69%
Signings England ST 22 Danny Ings 15/16 Burnley €8.30m
68%
Sales England ST 26 Danny Ings 19/20 Southampton €25.10m
68%
Signings Serbia RW 20 Lazar Marković 14/15 Benfica €25.00m
68%
Sales Ireland GK 26 Caoimhín Kelleher 25/26 Brentford €14.80m
66%
Sales England ST 21 Dominic Solanke 18/19 Bournemouth €21.20m
66%
Signings England ST 24 Peter Crouch 05/06 Southampton €10.50m
65%
Sales England ST 27 Peter Crouch 08/09 Portsmouth €13.70m
65%
Signings France ST 22 Djibril Cissé 04/05 Auxerre €20.00m
64%
Sales France ST 25 Djibril Cissé 07/08 Marseille €9.00m
64%
Sales France ST 24 Djibril Cissé 06/07 Marseille €1.50m
64%
Sales Wales RB 21 Neco Williams 22/23 Nottingham Forest €20.00m
64%
Signings Denmark CB 21 Daniel Agger 05/06 Brøndby €8.76m
61%
Sales Denmark CB 29 Daniel Agger 14/15 Brøndby €4.00m
61%
Signings Wales ST 26 Ian Rush 88/89 Juventus €3.00m
61%
Sales Wales ST 24 Ian Rush 86/87 Juventus €5.00m
61%
Signings England CB 18 Joe Gomez 15/16 Charlton Athletic €4.90m
61%
Signings Estonia CB 30 Ragnar Klavan 16/17 Augsburg €5.00m
61%
Sales Estonia CB 32 Ragnar Klavan 18/19 Cagliari €1.52m
61%
Signings Brazil DM 26 Arthur Melo 22/23 Juventus €4.50m
59%
Sales England ST 26 Robbie Fowler 01/02 Leeds United €16.80m
59%
Signings Italy LW 21 Fabio Borini 12/13 Roma €13.30m
58%
Sales Italy LW 24 Fabio Borini 15/16 Sunderland €10.70m
58%
Sales Italy LW 22 Fabio Borini 13/14 Sunderland €1.80m
58%
Signings Portugal CM 27 Raul Meireles 10/11 Porto €13.00m
58%
Sales Portugal CM 28 Raul Meireles 11/12 Chelsea €13.50m
58%
Signings Netherlands LW 20 Ryan Babel 07/08 Ajax €17.25m
58%
Sales Netherlands LW 24 Ryan Babel 10/11 Hoffenheim €7.00m
58%
Signings Turkey CB 20 Ozan Kabak 20/21 Schalke €2.50m
57%
Signings Spain LB 25 José Enrique 11/12 Newcastle United €8.00m
55%
Signings Serbia DM 19 Marko Grujić 15/16 Crvena Zvezda €7.00m
55%
Sales Serbia DM 26 Marko Grujić 22/23 Porto €9.00m
55%
Sales Serbia DM 23 Marko Grujić 19/20 Hertha Berlin €2.00m
55%
Signings England ST 32 Rickie Lambert 14/15 Southampton €5.50m
55%
Sales England ST 33 Rickie Lambert 15/16 West Bromwich Albion €4.20m
55%
Signings England LM 26 Stewart Downing 11/12 Aston Villa €22.80m
55%
Sales England LM 29 Stewart Downing 13/14 West Ham United €5.80m
55%
Signings Australia GK 28 Brad Jones 10/11 Middlesbrough €2.80m
54%
Signings Poland GK 28 Jerzy Dudek 01/02 Feyenoord €7.40m
54%
Signings Czech Republic ST 20 Milan Baroš 01/02 Baník Ostrava €7.00m
54%
Sales Czech Republic ST 23 Milan Baroš 05/06 Aston Villa €8.84m
54%
Signings Scotland CM 25 Charlie Adam 11/12 Blackpool €8.40m
53%
Sales Scotland CM 26 Charlie Adam 12/13 Stoke City €6.20m
53%
Signings Spain ST 28 Fernando Morientes 04/05 Real Madrid €9.25m
53%
Sales Spain ST 30 Fernando Morientes 06/07 Valencia €5.00m
53%
Sales England ST 20 Rhian Brewster 20/21 Sheffield United €26.00m
53%
Signings Netherlands CB 17 Sepp van den Berg 19/20 PEC Zwolle €1.90m
53%
Sales Netherlands CB 22 Sepp van den Berg 24/25 Brentford €23.60m
53%
Signings Germany DM 25 Dietmar Hamann 99/00 Newcastle United €12.00m
51%
Signings Turkey DM 23 Nuri Şahin 12/13 Real Madrid €5.00m
51%
Signings Uruguay CB 20 Sebastián Coates 11/12 Nacional €12.00m
50%
Sales Uruguay CB 24 Sebastián Coates 15/16 Sunderland €2.80m
50%
Sales Wales RW 24 Harry Wilson 21/22 Fulham €14.00m
49%
Sales Wales RW 22 Harry Wilson 19/20 Bournemouth €2.70m
49%
Sales Wales RW 23 Harry Wilson 20/21 Cardiff City €1.30m
49%
Sales Wales RW 21 Harry Wilson 18/19 Derby County €1.10m
49%
Signings Finland CB 25 Sami Hyypiä 99/00 Willem II €3.90m
49%
Sales Wales GK 25 Danny Ward 18/19 Leicester City €14.00m
47%
Signings Scotland CB 18 Danny Wilson 10/11 Rangers €2.75m
47%
Sales England RW 20 Jordon Ibe 16/17 Bournemouth €18.00m
47%
Signings Spain RW 26 Luis García 04/05 Barcelona €8.75m
47%
Sales Spain RW 29 Luis García 07/08 Atlético Madrid €4.00m
47%
Signings England ST 22 Emile Heskey 99/00 Leicester City €16.50m
46%
Sales England ST 26 Emile Heskey 04/05 Birmingham City €9.32m
46%
Signings Italy CM 25 Alberto Aquilani 09/10 Roma €20.00m
43%
Sales Italy CM 28 Alberto Aquilani 12/13 Fiorentina €2.00m
43%
Signings Spain RB 24 Álvaro Arbeloa 06/07 Deportivo La Coruña €3.90m
43%
Sales Spain RB 26 Álvaro Arbeloa 09/10 Real Madrid €4.00m
43%
Signings Wales LW 26 Craig Bellamy 06/07 Blackburn Rovers €9.00m
43%
Sales Wales LW 27 Craig Bellamy 07/08 West Ham United €11.25m
43%
Signings Ireland RB 27 Steve Finnan 03/04 Fulham €5.25m
43%
Signings Senegal ST 21 El Hadji Diouf 02/03 Lens €15.00m
42%
Sales Senegal ST 24 El Hadji Diouf 05/06 Bolton Wanderers €4.80m
42%
Signings Spain AM 20 Luis Alberto 13/14 Sevilla €8.00m
42%
Sales Spain AM 23 Luis Alberto 16/17 Lazio €7.60m
42%
Signings Czech Republic AM 26 Vladimír Šmicer 99/00 Lens €6.80m
42%
Signings Scotland RB 18 Calvin Ramsay 22/23 Aberdeen €4.90m
41%
Sales England LW 22 Ryan Kent 19/20 Rangers €7.20m
39%
Sales England CB 24 Nathaniel Phillips 21/22 Bournemouth €2.10m
38%
Sales Nigeria ST 23 Taiwo Awoniyi 21/22 Union Berlin €8.55m
36%
Sales Netherlands RB 18 Ki-Jana Hoever 20/21 Wolverhampton Wanderers €9.80m
35%
Signings England CB 25 Ben Davies 20/21 Preston North End €1.85m
34%
Sales England CB 26 Ben Davies 22/23 Rangers €4.70m
34%
Sales Mali LB 26 Djimi Traoré 06/07 Charlton Athletic €2.80m
34%
Signings England CM 29 Paul Ince 97/98 Inter Milan €6.30m
34%
Sales England CM 31 Paul Ince 99/00 Middlesbrough €1.50m
34%
Signings England LB 29 Paul Konchesky 10/11 Fulham €4.20m
34%
Sales England LB 30 Paul Konchesky 11/12 Leicester City €1.70m
34%
Sales Spain RW 21 Suso 14/15 Milan €1.30m
34%
Sales England RW 19 Tom Ince 11/12 Blackpool €1.05m
34%
Signings Spain RB 20 Javier Manquillo 14/15 Atlético Madrid €2.00m
31%
Signings Mali DM 20 Mohamed Sissoko 05/06 Valencia €12.00m
31%
Sales Mali DM 23 Mohamed Sissoko 07/08 Juventus €11.00m
31%
Sales Australia LB 22 Brad Smith 16/17 Bournemouth €3.60m
30%
Sales England GK 28 David James 98/99 Aston Villa €2.40m
30%
Signings England CM 18 Jonjo Shelvey 10/11 Charlton Athletic €2.00m
30%
Sales England CM 21 Jonjo Shelvey 13/14 Swansea City €5.80m
30%
Signings Czech Republic AM 22 Patrik Berger 96/97 Borussia Dortmund €3.50m
30%
Signings England ST 24 Stan Collymore 95/96 Nottingham Forest €13.00m
30%
Sales England ST 26 Stan Collymore 97/98 Aston Villa €10.50m
30%
Signings Spain LM 26 Albert Riera 08/09 Espanyol €9.80m
28%
Sales Spain LM 28 Albert Riera 10/11 Olympiacos €6.00m
28%
Sales England CM 19 Bobby Clark 24/25 RB Salzburg €11.80m
28%
Signings England RW 23 Jermaine Pennant 06/07 Birmingham City €9.10m
27%
Signings Denmark DM 30 Christian Poulsen 10/11 Juventus €5.48m
26%
Signings Argentina LB 19 Emiliano Insúa 08/09 Boca Juniors €2.00m
26%
Sales Argentina LB 22 Emiliano Insúa 11/12 Sporting CP €1.50m
26%
Signings Switzerland CB 24 Stéphane Henchoz 99/00 Blackburn Rovers €5.40m
26%
Sales France ST 22 David Ngog 11/12 Bolton Wanderers €4.50m
24%
Signings Morocco LW 24 Oussama Assaidi 12/13 Heerenveen €4.00m
24%
Sales Morocco LW 26 Oussama Assaidi 14/15 Al Ahli (Dubai) €6.00m
24%
Signings Ireland CB 23 Phil Babb 94/95 Coventry City €5.43m
24%
Signings Croatia DM 22 Igor Bišćan 00/01 Dinamo Zagreb €8.25m
23%
Signings Cameroon CB 22 Rigobert Song 98/99 Salernitana €3.69m
23%
Sales Cameroon CB 24 Rigobert Song 00/01 West Ham United €4.17m
23%
Signings Italy LB 26 Andrea Dossena 08/09 Udinese €9.00m
22%
Sales Italy LB 28 Andrea Dossena 09/10 Napoli €3.75m
22%
Sales Ukraine ST 30 Andriy Voronin 09/10 Dynamo Moscow €2.00m
22%
Signings England GK 20 Chris Kirkland 01/02 Coventry City €8.20m
22%
Sales England GK 25 Chris Kirkland 06/07 Wigan Athletic €3.73m
22%
Signings England CM 20 Danny Murphy 97/98 Crewe Alexandra €3.00m
22%
Sales England CM 27 Danny Murphy 04/05 Charlton Athletic €3.25m
22%
Signings Chile LW 20 Mark González 05/06 Albacete €2.50m
22%
Sales Chile LW 23 Mark González 07/08 Real Betis €6.00m
22%
Signings Greece CB 30 Sotirios Kyrgiakos 09/10 AEK Athens €3.00m
22%
Signings England RW 16 Kaide Gordon 20/21 Derby County €3.40m
20%
Signings Netherlands GK 24 Sander Westerveld 99/00 Vitesse €6.00m
20%
Sales Netherlands GK 27 Sander Westerveld 01/02 Real Sociedad €5.00m
20%
Signings Germany LM 28 Christian Ziege 00/01 Middlesbrough €9.00m
19%
Sales Germany LM 29 Christian Ziege 01/02 Tottenham Hotspur €6.50m
19%
Sales France SS 22 Florent Sinama Pongolle 07/08 Recreativo Huelva €4.00m
19%
Signings Germany ST 31 Karl-Heinz Riedle 97/98 Borussia Dortmund €2.50m
19%
Sales England RB 24 Martin Kelly 14/15 Crystal Palace €2.00m
19%
Sales England GK 22 Scott Carson 08/09 West Bromwich Albion €4.00m
19%
Sales England RB 24 Andre Wisdom 17/18 Derby County €2.30m
18%
Sales England RB 22 Andre Wisdom 15/16 Norwich City €1.80m
18%
Signings England LM 26 Nick Barmby 00/01 Everton €9.00m
18%
Sales England LM 28 Nick Barmby 02/03 Leeds United €4.50m
18%
Sales Portugal RB 30 Abel Xavier 02/03 Galatasaray €1.50m
16%
Sales Jamaica DM 23 Kevin Stewart 17/18 Hull City €4.50m
16%
Signings England AM 27 Paul Stewart 92/93 Tottenham Hotspur €2.75m
16%
Signings England RW 14 Sheyi Ojo 11/12 Milton Keynes Dons €2.50m
16%
Signings Portugal CB 20 Tiago Ilori 13/14 Sporting CP €7.50m
16%
Sales Portugal CB 23 Tiago Ilori 16/17 Reading €4.30m
16%
Signings Guinea ST 26 Titi Camara 99/00 Marseille €3.90m
16%
Sales Guinea ST 28 Titi Camara 00/01 West Ham United €3.30m
16%
Signings Wales ST 27 Dean Saunders 91/92 Derby County €3.30m
15%
Sales Wales ST 28 Dean Saunders 92/93 Aston Villa €2.85m
15%
Sales Poland GK 22 Kamil Grabara 21/22 København €6.20m
15%
Sales Portugal RW 19 Rafael Camacho 19/20 Sporting CP €5.00m
14%
Sales Brazil DM 22 Allan 19/20 Atlético Mineiro €3.50m
12%
Signings France CM 24 Bruno Cheyrou 02/03 Lille €6.50m
12%
Sales England DM 24 Jay Spearing 13/14 Bolton Wanderers €1.60m
12%
Signings England CB 27 Mark Wright 91/92 Derby County €2.85m
12%
Sales England ST 23 Neil Mellor 06/07 Preston North End €2.30m
12%
Signings England CB 25 Neil Ruddock 93/94 Tottenham Hotspur €3.00m
12%
Signings Spain DM 16 Pedro Chirivella 13/14 Valencia €2.30m
12%
Signings England SS 26 Peter Beardsley 87/88 Newcastle United €2.15m
12%
Sales England SS 30 Peter Beardsley 91/92 Everton €1.15m
12%
Sales England LB 25 Stephen Warnock 06/07 Blackburn Rovers €2.25m
12%
Sales England RB 22 Stephen Wright 02/03 Sunderland €4.80m
12%
Signings France ST 17 Anthony Le Tallec 02/03 Le Havre €2.50m
11%
Sales France ST 23 Anthony Le Tallec 08/09 Le Mans €1.50m
11%
Sales Scotland LB 26 Dominic Matteo 00/01 Leeds United €7.13m
11%
Signings Ireland RM 24 Jason McAteer 95/96 Bolton Wanderers €6.25m
11%
Sales Ireland RM 27 Jason McAteer 98/99 Blackburn Rovers €5.55m
11%
Signings England LB 25 Julian Dicks 93/94 West Ham United €2.25m
11%
Sales England LB 26 Julian Dicks 94/95 West Ham United €1.50m
11%
Signings Norway AM 26 Øyvind Leonhardsen 96/97 Wimbledon €5.25m
11%
Sales Norway AM 28 Øyvind Leonhardsen 99/00 Tottenham Hotspur €4.50m
11%
Signings Brazil GK 25 Diego Cavalieri 08/09 Palmeiras €4.40m
9%
Sales England LB 20 Jack Robinson 14/15 Queens Park Rangers €1.25m
9%
Sales Netherlands RB 25 Jan Kromkamp 06/07 PSV €3.00m
9%
Signings Senegal DM 25 Salif Diao 02/03 Sedan €7.50m
9%
Signings Norway RB 22 Vegard Heggem 98/99 Rosenborg €5.20m
9%
Sales France DM 23 Alou Diarra 05/06 Lens €3.00m
8%
Signings Spain RB 24 Josemi 04/05 Málaga €3.00m
8%
Signings Hungary ST 18 Krisztián Németh 07/08 MTK Budapest €3.00m
8%
Sales Hungary ST 21 Krisztián Németh 10/11 Olympiacos €1.20m
8%
Sales England LM 22 Ovie Ejaria 20/21 Reading €3.90m
8%
Sales Ireland LB 22 Steve Staunton 91/92 Aston Villa €1.60m
8%
Sales Ireland ST 29 John Aldridge 89/90 Real Sociedad €1.15m
7%
Signings England CB 28 John Scales 94/95 Wimbledon €4.10m
7%
Sales England CB 30 John Scales 96/97 Tottenham Hotspur €3.00m
7%
Signings England AM 27 Nigel Clough 93/94 Nottingham Forest €2.75m
7%
Sales England AM 29 Nigel Clough 95/96 Manchester City €1.70m
7%
Sales Spain LW 19 Sergi Canós 16/17 Norwich City €3.00m
7%
Signings France LW 26 Bernard Diomède 00/01 Auxerre €4.50m
5%
Signings Italy CB 20 Gabriel Paletta 06/07 Banfield €2.70m
5%
Sales Italy CB 21 Gabriel Paletta 07/08 Boca Juniors €1.50m
5%
Sales Canada LW 21 Liam Millar 21/22 Basel €1.50m
5%
Sales Ireland CM 30 Ray Houghton 92/93 Aston Villa €1.08m
5%
Signings Germany ST 25 Sean Dundee 97/98 Karlsruher €2.75m
5%
Sales Germany ST 26 Sean Dundee 99/00 Stuttgart €1.50m
5%
Signings Argentina LW 20 Sebastián Leto 07/08 Lanús €3.00m
5%
Sales Argentina LW 22 Sebastián Leto 09/10 Panathinaikos €4.00m
5%
Sales Norway CB 27 Bjørn Tore Kvarme 99/00 Saint-Étienne €1.40m
4%
Sales England CM 21 Danny Guthrie 08/09 Newcastle United €4.30m
4%
Sales England CM 22 David Thompson 00/01 Coventry City €4.50m
4%
Sales England CM 21 Herbie Kane 20/21 Barnsley €1.40m
4%
Signings Ireland LM 18 Mark Kennedy 94/95 Millwall €2.05m
4%
Sales Ireland LM 21 Mark Kennedy 97/98 Wimbledon €2.40m
4%
Sales Scotland AM 23 Don Hutchison 94/95 West Ham United €2.25m
3%
Sales Scotland CB 31 Gary Gillespie 91/92 Celtic €1.85m
3%
Sales England LB 27 Steve Harkness 98/99 Benfica €1.13m
3%
Sales Spain RB 19 Antonio Barragán 06/07 Deportivo La Coruña €2.50m
1%
Sales England CM 21 John Welsh 05/06 Hull City €2.25m
1%
Signings England CM 16 Alvin Ayman 24/25 Wolverhampton Wanderers €2.35m
0%
Sales Spain RW 17 Elijah Gift 23/24 Athletic Bilbao €1.50m
0%
Sales Spain DM 21 Mikel San José 10/11 Athletic Bilbao €2.70m
0%
Sales Bulgaria GK 22 Nikolay Mihaylov 10/11 Twente €1.50m
0%
No matching quizzes found
Score Distribution
Percent of People with Each Score
Percentile by Number Answered
Your Score History
You have not taken this quiz since the last reset